header

Among friends (Record no. 25574)

MARC details
000 -LEADER
fixed length control field 02849nam a2200433 a 4500
082 04 - DEWEY DECIMAL CLASSIFICATION NUMBER
Classification number 811/.5409353
245 00 - TITLE STATEMENT
Title Among friends
260 ## - PUBLICATION, DISTRIBUTION, ETC. (IMPRINT)
Place of publication Iowa City :
Name of publisher University of Iowa Press,
Year of publication 2013.
300 ## - PHYSICAL DESCRIPTION
Number of Pages x, 270 p.
490 1# - SERIES STATEMENT
Series statement Contemporary North American poetry series
505 0# - FORMATTED CONTENTS NOTE
Formatted contents note Introduction / Anne Dewey and Libbie Rifkin -- Friendship and Women's Poetic Careers. How You Want to Be Styled: Philip Whalen in Correspondence with Joanne Kyger, 1959-1964 / Linda Russo -- I Just Got Different Theories: Patti Smith and the Poetry Project at St. Mark's Church / Daniel Kane -- Community 2.0. Presence in the Poets' Polis: Hippie Phenomenology in Bolinas / Lytle Shaw -- When L=A: Language, Authorship, and Equality in L=A=N=G=U=A=G=E Magazine / Peter Middleton -- After Literary Community: The Grand Piano and the Politics of Friendship / Barrett Watten -- Between Friendship Network and Literary Movement: Flarf as a Poetics of Sociability / Maria Damon -- Inclinations. Jargon Society: The Remote Relations of Lorine Niedecker and Jonathan Williams / Ross Hair -- The Volley Maintained Nears Orgasm: Rae Armantrout, Ron Silliman, and the Cross-Gender Collaboration / Andrew Epstein -- In/Complete: Locating Origins of the Poet in Jennifer Moxley's In Memoriams to Helena Bennett / Ann Vickery -- Among Friends. Black Took Collective: On Intimacy & Origin / Duriel E. Harris, Dawn Lundy Martin, and Ronaldo V. Wilson.
650 #0 - SUBJECT ADDED ENTRY--TOPICAL TERM
Topical Term American poetry
Topical Term American poetry
Topical Term Poetry
Topical Term Social networks
Topical Term Mentoring of authors
Topical Term Friendship.
700 1# - ADDED ENTRY--PERSONAL NAME
Personal name Dewey, Anne Day.
Personal name Rifkin, Libbie.
856 40 - ELECTRONIC LOCATION AND ACCESS
Uniform Resource Identifier http://site.ebrary.com/lib/rucke/Doc?id=10690572

No items available.

© 2026 Rongo University
Contact us: librarian | system librarian | Rongo university